000 02286nam a2200445 a 4500
001 00003846
003 DO-SdBNP
005 20180309082234.0
007 00003846
008 091117s2014 dr ac 000 0 spa d
020 _a9789945118346 v.1
020 _a9789945118094 v.2 Guía
040 _aBPMSU
_bspa
_cBPMSU
082 0 4 _a373.6561
_bI37L, 4to. 2014
100 1 _aIncháustegui, María Isabel
245 1 0 _aLengua y literatura 4 :
_beducación media /
_cMaría Isabel Incháustegui ; dirección editorial de Claudia Llibre y Obdulia García de Escobar ; ilustración Ruddy Núñez, José Amado Polanco y Tulio Matos.
260 _aSanto Domingo :
_bSantillana,
_c2014.
300 _a2v.;
_bil., retrs. ;
_c28 cm.
490 1 _aInnova
500 _aCuarto de bachillerato 2do. grado / 2do. ciclo
500 _aIncluye guía recursos didácticos para el profesorado.
500 _aEste libro ha sido realizado de conformidad con el currículum vigente y ha sido sometido a la aprobación del MINERD (Ministerio de Educación República Dominicana)
505 0 _gCuarto de bachillerato 2do grado/2do. ciclo /
_tEmulemos a Duarte --
_tPublicidad a través de tabletas --
_tCuando quien narra es mujer --
_tLeer un libro: en el nombre de Salomé --
_tJoyas que están desapareciendo --
_tGestión de riesgos sísmicos --
_tPoesía y contexto --
_tEl espíritu emprendedor --
_tLeer un libro: Pedro Páramo --
_tLa revolución en la biología --
_tReflexiones sobre nuestra historia --
_tMedios que crean opinión --
_tApéndice: Literatura universal --
650 4 _aESPAÑOL
_xENSEÑANZA SECUNDARIA
650 4 _aESPAÑOL
_xEDUCACIÓN SECUNDARIA
650 4 _aESPAÑOL
_xLIBROS DE TEXTOS
650 4 _aESPAÑOL
_xESTUDIOS Y EJERCICIOS
650 4 _aEDUCACIÓN SECUNDARIA
_zREPÚBLICA DOMINICANA
650 4 _aLITERATURA
_xENSEÑANZA SECUNDARIA
650 4 _aLITERATURA
_xEDUCACIÓN SECUNDARIA
700 1 _aLlibre, Claudia,
_eed.
700 1 _aGarcía de Escobar, Obdulia,
_eed.
700 1 _aNúñez, Ruddy,
_eil.
830 0 _aInnova
910 _aValidado. Control de calidad MFF
942 _2ddc
_cBK
945 _aRemanejado para la BNPHU / 2018 VM
956 _aVMATEO
_b10
_c20150813
_lBPMSR
_h00151
956 _aLOPEREZ
_b10
_c20160412
_lBPMSU
_h0041
999 _c9699
_d9699